Diccionario mcgraw-hill de computación : english-spanish /
Guardado en:
| Autor Principal: | |
|---|---|
| Formato: | Libro |
| Publicado: |
M'xico :
Mcgraw-hill,
1991
|
| Etiquetas: |
Agregar Etiqueta
Sin Etiquetas, Sea el primero en etiquetar este registro!
|
| LEADER | 00434nam a22001455a 4500 | ||
|---|---|---|---|
| 001 | CEM.cems004893 | ||
| 005 | 20060217000000.0 | ||
| 008 | 130507s1991##################000#0#####d | ||
| 003 | CEMS | ||
| 082 | 0 | 4 | |a C001.603 |
| 100 | 1 | |a Parker, Sybil P. | |
| 245 | 1 | 0 | |a Diccionario mcgraw-hill de computación : |b english-spanish / |
| 260 | |a M'xico : |b Mcgraw-hill, |c 1991 | ||
| 300 | |a 576 p.1 | ||
| 859 | |a CEMS |b BIB. CEMS - 11 de abril |h C001.603 |i P228 |p 16687.92 |t Ej.1 | ||
